000 00626nam a22001937a 4500
007 00
008 160624b xxu||||| |||| 00| 0 eng d
020 _a978-1-905209-42-2
040 _aBUAC
_cBUC
041 _aEng.
100 _aBenslimane, Abderrahim
245 _aMultimedia multicast on the internet
_c/ par Abderrahim Benslimane
260 _aLondon :
_bISTE Ltd,
_c2007
300 _a366 p.
_c24 cm.
500 _aCompr. bibliogr. à la fin de chaque chapitre du volume. ; Index : pp. (365-366)
630 _aSciences Appliquées - Techniques
650 _aTélécommunication ; Multicasting
942 _cLIV
999 _c54716
_d54716